Fishery managers' guidebook / (Record no. 15764)
[ view plain ]
| 000 -LEADER | |
|---|---|
| fixed length control field | 00449cam a2200181Mi 4500 |
| 020 ## - INTERNATIONAL STANDARD BOOK NUMBER | |
| ISBN | 9789251059630 |
| 020 ## - INTERNATIONAL STANDARD BOOK NUMBER | |
| ISBN | 9251059632 |
| 040 ## - CATALOGING SOURCE | |
| Transcribing agency | NLGGC |
| 082 ## - DEWEY DECIMAL CLASSIFICATION NUMBER | |
| Classification number | 639 FAO 2009 A056 Or. |
| 245 00 - TITLE STATEMENT | |
| Title | Fishery managers' guidebook / |
| 250 ## - EDITION STATEMENT | |
| Edition statement | 2nd ed. |
| 260 ## - PUBLICATION, DISTRIBUTION, ETC. (IMPRINT) | |
| Place of publication | [Rome etc.] : |
| Name of publisher | FAO [etc.], |
| Year of publication | 2009. |
| 300 ## - PHYSICAL DESCRIPTION | |
| Number of Pages | XVII, 518 p. : |
| Other physical details | ill. ; |
| Dimensions | 25 cm. |
| 650 #0 - SUBJECT ADDED ENTRY--TOPICAL TERM | |
| Topical Term | Fisheries |
| 700 1# - ADDED ENTRY--PERSONAL NAME | |
| Personal name | Cochrane, K. L. |
| 700 1# - ADDED ENTRY--PERSONAL NAME | |
| Personal name | Garcia, Serge M. |
| 942 ## - ADDED ENTRY ELEMENTS (KOHA) | |
| Koha item type | សៀវភៅភាសាអង់គ្លេស |
| 952 ## - LOCATION AND ITEM INFORMATION (KOHA) | |
| Withdrawn status [LOCAL, KOHA] | 0 |
| Permanent Location | Date acquired | Koha item type | Lost status | Shelving location | Barcode | Current Location | Full call number |
|---|---|---|---|---|---|---|---|
| Library Block A | 2017-12-08 | សៀវភៅភាសាអង់គ្លេស | A056 | RUA060005 | Library Block A | 639 FAO 2009 A056 Or. |